| Tag |
First Indicator |
Second Indicator |
Subfields |
| LEADER |
00000cam a2200000 4500 |
| 001 |
in00000718366 |
| 005 |
20151016060725.0 |
| 008 |
720906s1963 enk b 00000 eng u |
| 010 |
|
|
|a 63000027
|
| 035 |
|
|
|a (OCoLC)00399425
|
| 035 |
|
|
|9 ADD0709AM
|
| 040 |
|
|
|c WSU
|d OCL
|d TXA
|d UtOrBLW
|
| 049 |
|
|
|a TXAM
|c [360401]
|
| 050 |
|
0 |
|a DA480
|b .C5 1963
|
| 092 |
|
|
|a 942.073
|b C555w
|
| 100 |
1 |
|
|a Christie, Ian R.
|
| 245 |
1 |
0 |
|a Wilkes, Wyvill and reform ;
|b the Parliamentary reform movement in British politics, 1760-1785.
|
| 264 |
|
1 |
|a London :
|b Macmillan;
|a New York :
|b St. Martin's Press,
|c 1962 [i.e. 1963]
|
| 300 |
|
|
|a 247 pages ;
|c 23 cm.
|
| 336 |
|
|
|a text
|b txt
|2 rdacontent
|
| 337 |
|
|
|a unmediated
|b n
|2 rdamedia
|
| 338 |
|
|
|a volume
|b nc
|2 rdacarrier
|
| 504 |
|
|
|a Includes bibliography.
|
| 600 |
1 |
0 |
|a Wilkes, John,
|d 1725-1797.
|
| 600 |
1 |
0 |
|a Wyvill, Christopher,
|d 1740-1822.
|
| 610 |
1 |
0 |
|a Great Britain.
|b Parliament
|x Reform.
|
| 651 |
|
0 |
|a Great Britain
|x Politics and government
|y 1760-1789.
|
| 999 |
|
|
|a MARS
|
| 999 |
f |
f |
|s 720a192c-5057-3afc-8b70-7d0a68d6e73c
|i f3449ab2-34a1-357b-8c94-6c9e3012bbb7
|t 0
|
| 952 |
f |
f |
|p ric
|a Texas A&M University
|b Rellis Campus
|c Joint Library Facility
|d Remote Storage
|t 0
|e DA480 C5 1963
|h Library of Congress classification
|i unmediated -- volume
|m A14801481298
|
| 998 |
f |
f |
|a DA480 C5 1963
|t 0
|l Remote Storage
|